<?xml version="1.0" encoding="UTF-8"?>
<record
    xmlns:xsi="http://www.w3.org/2001/XMLSchema-instance"
    xsi:schemaLocation="http://www.loc.gov/MARC21/slim http://www.loc.gov/standards/marcxml/schema/MARC21slim.xsd"
    xmlns="http://www.loc.gov/MARC21/slim">

  <leader>00820nam a2200241 a 4500</leader>
  <controlfield tag="001">BRL_1255</controlfield>
  <controlfield tag="005">20190320211120.0</controlfield>
  <controlfield tag="008">061213s1964----mx-ae#####---#000-0#spa-#</controlfield>
  <datafield tag="041" ind1=" " ind2=" ">
    <subfield code="a">spa</subfield>
  </datafield>
  <datafield tag="044" ind1=" " ind2=" ">
    <subfield code="a">mx</subfield>
  </datafield>
  <datafield tag="050" ind1=" " ind2="4">
    <subfield code="a">F1219.1.T27</subfield>
    <subfield code="b">.A26 1964</subfield>
  </datafield>
  <datafield tag="100" ind1="1" ind2=" ">
    <subfield code="a">Acosta, Jorge R.</subfield>
    <subfield code="9">23989</subfield>
  </datafield>
  <datafield tag="245" ind1="1" ind2="0">
    <subfield code="a">El palacio del Quetzalpap&#xE1;lotl</subfield>
    <subfield code="c">Jorge R. Acosta.</subfield>
  </datafield>
  <datafield tag="260" ind1=" " ind2=" ">
    <subfield code="a">M&#xE9;xico</subfield>
    <subfield code="b">Instituto Nacional de Antropolog&#xED;a e Historia</subfield>
    <subfield code="c">1964</subfield>
  </datafield>
  <datafield tag="300" ind1=" " ind2=" ">
    <subfield code="a">85 p.</subfield>
    <subfield code="b">il., l&#xE1;minas, planos</subfield>
    <subfield code="c">32 cm.</subfield>
  </datafield>
  <datafield tag="440" ind1=" " ind2="0">
    <subfield code="a">Memorias del Instituto Nacional de Antropolog&#xED;a e Historia</subfield>
    <subfield code="v">10</subfield>
    <subfield code="9">26287</subfield>
  </datafield>
  <datafield tag="500" ind1=" " ind2=" ">
    <subfield code="a">Au1463</subfield>
  </datafield>
  <datafield tag="650" ind1="1" ind2="4">
    <subfield code="a">Arte ind&#xED;gena</subfield>
    <subfield code="z">M&#xE9;xico</subfield>
    <subfield code="9">597</subfield>
  </datafield>
  <datafield tag="650" ind1="1" ind2="4">
    <subfield code="a">Ind&#xED;genas de M&#xE9;xico</subfield>
    <subfield code="x">Antig&#xFC;edades</subfield>
    <subfield code="9">509</subfield>
  </datafield>
  <datafield tag="651" ind1=" " ind2="4">
    <subfield code="a">Teotihuac&#xE1;n, Sitio (San Juan Teotihuac&#xE1;n, M&#xE9;xico)</subfield>
    <subfield code="x">Antig&#xFC;edades</subfield>
    <subfield code="9">23836</subfield>
  </datafield>
  <datafield tag="902" ind1=" " ind2=" ">
    <subfield code="a">GRL</subfield>
  </datafield>
  <datafield tag="942" ind1=" " ind2=" ">
    <subfield code="2">lcc</subfield>
    <subfield code="c">B</subfield>
  </datafield>
  <datafield tag="999" ind1=" " ind2=" ">
    <subfield code="c">10067</subfield>
    <subfield code="d">10067</subfield>
  </datafield>
  <datafield tag="952" ind1=" " ind2=" ">
    <subfield code="0">0</subfield>
    <subfield code="1">0</subfield>
    <subfield code="4">0</subfield>
    <subfield code="7">0</subfield>
    <subfield code="a">BRL</subfield>
    <subfield code="b">BRL</subfield>
    <subfield code="d">2013-12-06</subfield>
    <subfield code="i">Au1463</subfield>
    <subfield code="l">0</subfield>
    <subfield code="o">F1219.1.T27 .A26 1964 (Au1463)</subfield>
    <subfield code="p">GRL01373</subfield>
    <subfield code="r">2019-03-22 00:00:00</subfield>
    <subfield code="w">2019-03-22</subfield>
    <subfield code="y">B</subfield>
  </datafield>
</record>
